000
00294nam a2200121Ia 4500
008
170224s9999 xx 000 0 und d
245
_a
Rethinking the research enterprise
260
_b
Nursing Outlook
260
_c
2015
300
_a
63:6
500
_a
November/December
650
_x
Nursing.
999
_c
317051
_d
317051